Online
Catalog

Miranda y Casanova / (Record no. 18655)

MARC details
000 -CABECERA
campo de control de longitud fija 00708cam a2200217 a 4500
001 - NÚMERO DE CONTROL
campo de control 000019137
005 - FECHA Y HORA DE LA ÚLTIMA TRANSACCIÓN
campo de control 20200929165931.0
008 - DATOS DE LONGITUD FIJA--INFORMACIÓN GENERAL
campo de control de longitud fija 060801s1967 ve 000 0 spa d
040 ## - FUENTE DE LA CATALOGACIÓN
Centro catalogador/agencia de origen DO-SdBNP
Lengua de catalogación spa
Centro/agencia transcriptor LC
Centro/agencia modificador BNPHU
082 ## - NÚMERO DE LA CLASIFICACIÓN DECIMAL DEWEY
Número de clasificación 923.587
Número de documento/Ítem M672P
049 ## - FONDOS LOCALES (OCLC)
Fondos de biblioteca BNGR
100 1# - ENTRADA PRINCIPAL--NOMBRE DE PERSONA
Nombre de persona Pi Sunyer, Carles,
Fechas asociadas al nombre 1888-1971.
9 (RLIN) 41170
245 10 - MENCIÓN DE TÍTULO
Título Miranda y Casanova /
Mención de responsabilidad, etc. Carlos Pi-Sunyer.
260 ## - PUBLICACIÓN, DISTRIBUCIÓN, ETC.
Lugar de publicación, distribución, etc. Caracas :
Nombre del editor, distribuidor, etc. Instituto Nacional de Cultura y Bellas Artes,
Fecha de publicación, distribución, etc. 1967.
300 ## - DESCRIPCIÓN FÍSICA
Extensión 49 p. ;
Dimensiones 23 cm.
490 1# - MENCIÓN DE SERIE
Mención de serie INCIBA. Ensayo,
Designación de volumen o secuencia 1
600 10 - PUNTO DE ACCESO ADICIONAL DE MATERIA--NOMBRE DE PERSONA
Nombre de persona MIRANDA, FRANCISCO De,
Fechas asociadas al nombre 1750-1816.
9 (RLIN) 10352
600 10 - PUNTO DE ACCESO ADICIONAL DE MATERIA--NOMBRE DE PERSONA
Nombre de persona CASANOVA, GIACOMO,
Fechas asociadas al nombre 1725-1798.
9 (RLIN) 41171
830 #0 - PUNTO DE ACCESO ADICIONAL DE SERIE-TÍTULO UNIFORME
Título uniforme INCIBA. Ensayo ;
Designación de volumen o secuencia 1
9 (RLIN) 41172
910 ## - DATOS DE OPCIÓN DEL USUARIO (OCLC)
Datos de opción del usuario Catalogación derivada / LC
Holdings
Estado de retiro Estado de pérdida Restricciones de uso No para préstamo Código de colección Localización permanente Ubicación/localización actual Ubicación en estantería Fecha de adquisición Número de inventario Total de préstamos Signatura topográfica completa Código de barras Fecha visto por última vez Precio válido a partir de Tipo de ítem Koha
    Préstamo interno   Monografías: Libros y Folletos General General En catalogación 27.05.2010 LF1   923.587 M672P 19137-10 25.06.2020 25.06.2020 Préstamo interno

Powered by Koha